00473nam a2200193 a 4500001001300000003000900013005001700022008004100039020001000080082001400090100002000104245002900124260003700153300000900190500003500199505000900234650001600243700002000259nice12345678IN_TiNIC20260116011807.0050524s1970 beia grp 000 0 ara  ac10000a239bJAD1 aJadid, Iskander aLi Kull-E-Suwalin Jawab. aBeirutbMarkaz Ilshabiyatac1970 a256p aincludes index and biblioraphy2 aMaps aApologetics1 aJadid, Iskander